000 00533nam a22002057a 4500
003 MPLRDC
005 20220104192851.0
008 210129b ||||| |||| 00| 0 eng d
020 _a986-7247-22-1
082 _a857.85 ZCR-2
100 _a张翠容
245 _a中东现场
_c
250 _a初版16刷
260 _a台湾
_b马可孛罗文化
_c2012
300 _b
490 _a旅人之星. 31
520 _a2018-11-13 弄污--pg.右下角(2264)。
650 _a写实报导小说
942 _cBK
_o857.85 ZCR-2
999 _c64916
_d64906